FNAF 3 Animatronique - Statistiques

Statistiques générales
  • Ce quiz a été pris 71 fois
  • Le résultat moyen est 5 sur 7
Statistiques - réponses
Animatronics % Correct
Springtrap
98%
Phantom Freddy
84%
Phantom Chica
80%
Phantom Foxy
78%
Phantom Balloon Boy
76%
Phantom Puppet
73%
Phantom Mangle
60%
Aucun quiz correspondant
Distribution des résultats
% des personnes avec chaque résultat
Percentile par nombre de réponses
Votre historique - résultats
Vous n’avez pas pris ce quiz